Normal view
MARC view
- Autry, Chad W.
Entry Personal Name
001 - CONTROL NUMBER
- control field: 58881
003 - CONTROL NUMBER IDENTIFIER
- control field: OSt
005 - DATE AND TIME OF LATEST TRANSACTION
- control field: 20240822144804.0
008 - FIXED-LENGTH DATA ELEMENTS
- fixed length control field: 240822|| aca||aabn | a|a d
040 ## - CATALOGING SOURCE
- Original cataloging agency: OSt
- Transcribing agency: OSt
100 ## - HEADING--PERSONAL NAME
- Personal name: Autry, Chad W.
- Relator term: author.
670 ## - SOURCE DATA FOUND
- Source citation: Work cat.: (OSt): Autry, Chad W. author., Supply chain research:, Winter-Spring 2021.
